[Event "Chennai WinTV op 1st"]
[Site "Chennai"]
[Date "2004.01.21"]
[Round "1"]
[White "Lodhi, Mahmood"]
[Black "Srinivasan, R."]
[Result "1-0"]
[WhiteElo "2395"]
[BlackElo "2085"]
[PlyCount "58"]
[EventDate "2004.01.21"]
[EventType "swiss"]
[EventRounds "13"]
[EventCountry "IND"]
[SourceTitle "CBM 098 Extra"]
[Source "ChessBase"]
[SourceDate "2004.03.10"]
[SourceVersion "2"]
[SourceVersionDate "2004.03.10"]
[SourceQuality "1"]

1. d4 Nf6 2. Nf3 e6 3. g3 b6 4. Bg2 Bb7 5. 0-0 Be7 6. c4 0-0 7. Nc3 c5 8. d5 d6 9. e4 e5 10. Ne1 Re8 11. Nd3 Nbd7 12. f4 Bf8 13. Qf3 Ba6 14. b3 exf4 15. gxf4 b5 16. cxb5 Bb7 17. Bb2 c4 18. bxc4 Qc7 19. Rfe1 Qxc4 20. Kh1 Nc5 21. Nxc5 Qxc5 22. a4 Rac8 23. Re2 Qb4 24. Bh3 Rc4 25. Na2 Qxa4 26. Bxf6 Rexe4 27. Rg1 Bxd5 28. Reg2 Red4 29. Qg3 Rxf4 1-0